logo

Bir Sreshtho Munshi Abdur Rouf Library
Jhenaidah Cadet College

দত্তা / (Record no. 13626)

MARC details
000 -LEADER
fixed length control field 00667nam a2200217 a 4500
001 - CONTROL NUMBER
JCCL Control Number 13625
003 - CONTROL NUMBER IDENTIFIER
JCCL marc code BD-JhCC
005 - DATE AND TIME OF LATEST TRANSACTION
control field 20240311093532.0
008 - FIXED-LENGTH DATA ELEMENTS--GENERAL INFORMATION
fixed length control field 240311b 2023b |||| ||a| 000 0 b d
020 ## - INTERNATIONAL STANDARD BOOK NUMBER
International Standard Book Number 9847015400324
035 ## - SYSTEM CONTROL NUMBER
system control number (BD-JhCC)13625
040 ## - CATALOGING SOURCE
Original cataloging agency BD-JhCC
Modifying agency BD-JhCC
041 ## - LANGUAGE CODE
Language code of Book bengali
082 ## - DEWEY DECIMAL CLASSIFICATION NUMBER
Classification number 891.443
Author mark and Year CHA 2023
100 ## - MAIN ENTRY--PERSONAL NAME
Personal name চট্টপাধ্যায় শরৎচন্দ্র
245 ## - TITLE STATEMENT
Title দত্তা /
Remainder of title শরৎচন্দ্র চট্টপাধ্যায়
260 ## - PUBLICATION, DISTRIBUTION, ETC. (IMPRINT)
Place of publication, distribution, etc ঢাকা:
Name of publisher, distributor, etc জয় প্রকাশন;
Date of publication, distribution, etc 2023.
300 ## - PHYSICAL DESCRIPTION
Pagination 128 p. :
Dimensions 21 cm
650 ## - SUBJECT ADDED ENTRY--TOPICAL TERM
Topical term or geographic name as entry element Bangla Novel
942 ## - ADDED ENTRY ELEMENTS (KOHA)
Source of classification or shelving scheme Dewey Decimal Classification
Koha item type Books
Holdings
Source of classification or shelving scheme Damaged status Not for loan Home library Current library Shelving location Date of accession Total Checkouts Full call number Barcode Checked out Date last seen Date checked out Copy number Koha item type Currency
Dewey Decimal Classification     JCC Rouf Library JCC Rouf Library General Stacks   11 891.443 CHA 2023 19078 12/11/2025 11/17/2025 11/17/2025 C-2 Books BDT

JCC Library | Contacts | JCC Home

Last Update on 23 September 2017
Copyright @ 2017-2020 JCC Rouf Library
Rouf Library, Jhenidah Cadet College (JCC), Bangladesh